000 00701nam a2200289Ia 4500
005 20260324121231.0
008 008 260324s9999 xx 000 0 eng d
020 _a9781315215631
037 _aEBOOK
040 _aCRL
040 _beng
040 _cCRL
041 _2eng
041 _aeng
084 _qCRL
100 _aDorin O. Neacsu; Dorin O. Neacsu
_91161720
245 0 _aSwitching Power Converters
245 0 _bMedium and High Power, Second Edition
260 _bTaylor and Francis
260 _c2014
365 _a
365 _b560
856 _uhttp://www.taylorfrancis.com/books/9781315215631
942 _cEBOOK
999 _c1753688
_d1753688